000 00234nam a22001217a 4500
003 SGT
082 _a658
_bRAO
100 _aRAO,V.S.P
245 _aMANAGEMENT: TAXT & CASES
250 _a2ND
260 _aEXCEL BOOK
942 _2ddc
_cCD
999 _c24320
_d24320